Responses for Show #5615 - Friday, January 23, 2009

Matt Kohlstedt game 5.

Contestants

[<< previous game]

Quinn Conway, a file clerk originally from Dana Point, California

Rachel Kain, a structured data analyst from Farmington Hills, Michigan

Matt Kohlstedt, a graduate student originally from La Grange, Illinois (whose 4-day cash winnings total $55,402)

[next game >>]

Jeopardy! Round responses

LIBROS EN ESPAÑOL
50+ HOME RUNS
(Alex: We're talking baseball, of course.)
POSH & BECKS
2 ANIMALS, 1 WORD
PRODUCTS
"MAD" LOVE
    $200 14
The Catcher in the Rye

Quinn
    $200 1
(Babe) Ruth

Matt
    $200 7
call

Matt
    $200 20
turtledoves

Matt
    $200 26
tires

Matt
    $200 4
mad cow disease

Rachel
    $1,000 15
The Lion, the Witch and the Wardrobe

Quinn
    $400 2
(Roger) Maris

Matt
    $400 10
Hot Wheels

Rachel
    $400 22
(Rachel: What are fish?)
(Alex: No.)
(Rachel: What are eels?)
...
(Quinn: What are eels?)

catfish

RachelQuinn
Triple Stumper
    $400 27
Cracker Jack (Cracker Jacks accepted)

Quinn
    $400 5
Madrid

Matt
    $600 16
Who Moved My Cheese?

Matt
    $600 3
(Sammy) Sosa

Quinn
    $600 11
a loser

Quinn
    $600 23
horseflies

Matt
    $600 28
Bic

Rachel
    $600 6
Madame

Quinn
    $800 17
Water for Elephants

Matt
    $800 8
(Willie) Mays

Matt
    $800 19
(Richard) Branson

Quinn
    $800 24
sheepdogs

Rachel
    $800 29
superglue or Krazy Glue

Triple Stumper
    $800 12
(Alex: You knew that, Rachel; you should have rung in.)

Dolley Madison

Triple Stumper
    $1000 18
A New Earth

Matt
    $1000 9
Ken Griffey, Jr.

Quinn
    $1000 21
(Claude) Monet

Rachel
    $1000 25
(Rachel: What is a wildcat?)

a bearcat

MattRachel
    $1000 30
the Ginsu knife

Matt
    $1000 13
Rachel Maddow

Quinn

Scores at the first commercial break (after clue 15):

Matt Rachel Quinn
$2,000 $600 $5,000

Scores at the end of the Jeopardy! Round:

Matt Rachel Quinn
$7,400 $1,600 $5,800

Double Jeopardy! Round responses

AMERICAN ARTISTS
NEIL DIAMOND'S GEMS
GRAND CENTRAL TERMINAL
MEDICINAL PLANTS
AROUND THE WORLD, J. PETERMAN STYLE
FORWARDS & BACK WORDS
(Alex: Each correct response will be two words--one the exact reverse of the other. For instance, "pots" and "stop".)
    $400 2
[NOTE: This is a virtual duplicate of a clue found in show #3701.]

(Paul) Gauguin

Matt
    $400 1
The Jazz Singer

Matt
    $3,600 16
(Matt: What is Broadway?)

42nd Street

Matt
    $400 21
(Rachel: What is thyme?)
...
(Alex: Yes, parsley, sage, [*], & thyme.)

Rosemary

RachelQuinn
    $400 11
Panama

Rachel
    $400 22
rats & star

Matt
    $800 3
(Rachel: Who is Remington?)

(Gilbert) Stuart

MattRachel
    $800 7
"I am," I said

Triple Stumper
    $800 17
RFK (Robert Kennedy)

Rachel
    $800 27
(Rachel: What are scars?)

bones

Rachel
Triple Stumper
    $800 12
(Matt: What is Afghanistan?)
...
(Alex: [*]--Mombasa--yes.)

Kenya

MattRachel
    $800 23
flog & golf

Rachel
    $1200 4
(Georgia) O'Keeffe

Matt
    $1200 8
"Red Red Wine"

Rachel
    $1200 18
Beaux Arts

Triple Stumper
    $1200 28
chamomile

Quinn
    $1200 13
Madagascar

Matt
    $1200 24
peek & keep

Matt
    $3,800 5
(Matt: Where is [*]?)

Haiti

Matt
    $1600 9
"Forever in Blue Jeans"

Rachel
    $1600 19
(Alex: The long name is [*].)

the 20th Century Limited

Triple Stumper
    $1600 29
(Matt: What is cocoa?)
(Alex: Say it again.)
(Matt: "ka-KOW"?)

coca

MattRachel
    $1600 14
(Rachel: What is Albania?)
(Quinn: What is Macedonia?)

Turkey

RachelQuinn
Triple Stumper
    $1600 25
brag & garb

Matt
    $2000 6
(Thomas) Kinkade

Rachel
    $2000 10
"I'm a Believer"

Matt
    $2000 20
Chappaqua

Rachel
    $2000 30
calendula

Triple Stumper
    $2000 15
(Quinn: What is Krakatoa?)

Bali

Quinn
Triple Stumper
    $2000 26
ogre & ergo

Rachel

Scores at the end of the Double Jeopardy! Round:

Matt Rachel Quinn
$14,400 $11,200 $3,800

[wagering suggestions for these scores]

Final Jeopardy! Round responses

MYTHOLOGICAL WORDS & PHRASES
(Alex: [Revealing Quinn's response] Jason and the Argonauts--you are correct.)
QuinnWhat is the golden fleece?
$3,000
RachelWhat is the Golden Fleece?
$11,200
MattWhat is the golden fleece?
$8,001
the Golden Fleece

Final scores:

Matt Rachel Quinn
$22,401 $22,400 $6,800
5-day champion: $77,803 2nd place: $2,000 3rd place: $1,000

Game dynamics:

Coryat scores:

Matt Rachel Quinn
$15,800 $11,200 $3,200
23 R
(including 1 DD),
3 W
(including 1 DD)
15 R,
6 W
11 R
(including 1 DD),
3 W

Combined Coryat: $30,200

[game clues] [game scores] [suggest correction]

Game tape date: 2008-11-12
The J! Archive is created by fans, for fans. Scraping, republication, monetization, and malicious use prohibited; this site may use cookies and collect identifying information. See terms. The Jeopardy! game show and all elements thereof, including but not limited to copyright and trademark thereto, are the property of Jeopardy Productions, Inc. and are protected under law. This website is not affiliated with, sponsored by, or operated by Jeopardy Productions, Inc. Join the discussion at JBoard.tv.